000
00225nam a2200085Ia 4500
245
0
_a
Whales and dolphins
100
_a
BINGHAM, Caroline London, 2003
_9
95675
942
_c
BK
008
210817s9999 xx 000 0 und d
999
_c
399027
_d
399026